[Event "Titled Tuesday intern op1 5th July"]
[Site "Chess.com INT"]
[Date "2016.07.05"]
[Round "4"]
[White "Kireev, Aleksei"]
[Black "Shaposhnikov, Evgeny"]
[Result "0-1"]
[WhiteElo "2351"]
[BlackElo "2545"]
[PlyCount "94"]
[EventDate "2016.07.05"]
[EventType "swiss (blitz)"]
[EventRounds "9"]
[EventCountry "USA"]
[SourceTitle "EXT 2021"]
[Source "ChessBase"]
[SourceDate "2020.10.23"]
[SourceVersion "1"]
[SourceVersionDate "2020.10.23"]
[SourceQuality "1"]

1. g3 c5 2. d3 Nc6 3. Bg2 d5 4. c3 f5 5. e4 dxe4 6. dxe4 Qxd1+ 7. Kxd1 Nf6 8. Nd2 e5 9. Ke2 fxe4 10. Nxe4 Bg4+ 11. Bf3 Bf5 12. Nxf6+ gxf6 13. Be3 0-0-0 14. Rd1 Be7 15. Ke1 e4 16. Be2 Ne5 17. Bf4 Nd3+ 18. Bxd3 exd3 19. Kd2 Be4 20. f3 Bd5 21. b3 b5 22. h4 c4 23. Rb1 Bc5 24. bxc4 Bxc4 25. Nh3 Rhe8 26. Rhe1 Re2+ 27. Rxe2 dxe2+ 28. Ke1 Rd1+ 29. Rxd1 exd1Q+ 30. Kxd1 Bf1 31. Ng5 fxg5 32. Bxg5 Bc4 33. f4 Bxa2 34. g4 Bb3+ 35. Kd2 a5 36. Kc1 a4 37. Kb2 Bc4 38. Bf6 a3+ 39. Kc2 Kd7 40. g5 Be2 41. Kb3 Ke6 42. Be5 Bd1+ 43. Ka2 Kf5 44. Bc7 Be2 45. Be5 Bc4+ 46. Kb1 Bf7 47. Bc7 Be3 0-1

[Event "Titled Tuesday intern op1 5th July"]
[Site "Chess.com INT"]
[Date "2016.07.05"]
[Round "9"]
[White "Leiva Rodriguez, Jeammarco Giuseppe"]
[Black "Kireev, Aleksei"]
[Result "0-1"]
[WhiteElo "2386"]
[BlackElo "2351"]
[PlyCount "96"]
[EventDate "2016.07.05"]
[EventType "swiss (blitz)"]
[EventRounds "9"]
[EventCountry "USA"]
[SourceTitle "EXT 2021"]
[Source "ChessBase"]
[SourceDate "2020.10.23"]
[SourceVersion "1"]
[SourceVersionDate "2020.10.23"]
[SourceQuality "1"]

1. d4 d6 2. c4 g6 3. Nf3 Bg7 4. g3 e5 5. Bg2 f6 6. 0-0 Nh6 7. Nc3 Nf7 8. e4 c6 9. Be3 Bh6 10. Bxh6 Nxh6 11. c5 Nf7 12. cxd6 Qxd6 13. dxe5 Qxd1 14. Rfxd1 fxe5 15. Nd2 Be6 16. Nb3 Nd7 17. Rd2 Ke7 18. Na5 Rab8 19. Rad1 Rhc8 20. b4 Rc7 21. Nd5+ cxd5 22. exd5 Bg4 23. f3 Bxf3 24. d6+ Nxd6 25. Bxf3 Nf5 26. Nb3 b6 27. g4 Ng7 28. Bc6 Nf6 29. b5 Ne6 30. h3 Rd8 31. g5 Nh5 32. h4 Rxd2 33. Nxd2 Nd4 34. Nc4 Nxc6 35. bxc6 Rxc6 36. Nxe5 Rd6 37. Rc1 Ke6 38. Nf3 Rd7 39. Kf2 Nf4 40. Ke3 Nd5+ 41. Ke4 Nb4 42. a3 Na6 43. Rc6+ Ke7 44. Ne5 Rd1 45. Rf6 Nc5+ 46. Ke3 Re1+ 47. Kd4 Rxe5 48. Kxe5 Nd7+ 0-1

[Event "Titled Tuesday intern op1 5th July"]
[Site "Chess.com INT"]
[Date "2016.07.05"]
[Round "7"]
[White "Naroditsky, Daniel"]
[Black "Kireev, Aleksei"]
[Result "1-0"]
[WhiteElo "2634"]
[BlackElo "2351"]
[PlyCount "47"]
[EventDate "2016.07.05"]
[EventType "swiss (blitz)"]
[EventRounds "9"]
[EventCountry "USA"]
[SourceTitle "EXT 2021"]
[Source "ChessBase"]
[SourceDate "2020.10.23"]
[SourceVersion "1"]
[SourceVersionDate "2020.10.23"]
[SourceQuality "1"]

1. d4 d6 2. Nf3 g6 3. e4 Bg7 4. Nc3 e5 5. Bc4 Nd7 6. Bxf7+ Kxf7 7. Ng5+ Ke8 8. Ne6 Qe7 9. Nxc7+ Kd8 10. N3d5 Qf7 11. Nxa8 exd4 12. Bg5+ Ngf6 13. Qxd4 h6 14. Bxf6+ Bxf6 15. Nxf6 Qxf6 16. Qxf6+ Nxf6 17. 0-0-0 Nxe4 18. Rhe1 Nxf2 19. Rxd6+ Bd7 20. Re2 Rf8 21. Red2 Rf7 22. Rxd7+ Rxd7 23. Rxf2 Ke7 24. Rf3 1-0

[Event "Titled Tuesday intern op1 5th July"]
[Site "Chess.com INT"]
[Date "2016.07.05"]
[Round "3"]
[White "Safarli, Eltaj"]
[Black "Kireev, Aleksei"]
[Result "1-0"]
[WhiteElo "2678"]
[BlackElo "2351"]
[PlyCount "75"]
[EventDate "2016.07.05"]
[EventType "swiss (blitz)"]
[EventRounds "9"]
[EventCountry "USA"]
[SourceTitle "EXT 2021"]
[Source "ChessBase"]
[SourceDate "2020.10.23"]
[SourceVersion "1"]
[SourceVersionDate "2020.10.23"]
[SourceQuality "1"]

1. d4 d6 2. c4 g6 3. Nc3 c6 4. Nf3 Bg7 5. g3 e5 6. Bg2 f6 7. 0-0 Nh6 8. b4 Nf7 9. b5 0-0 10. a4 a5 11. Ba3 Re8 12. Qc2 f5 13. dxe5 dxe5 14. Rfd1 Qc7 15. e4 f4 16. c5 Bg4 17. h3 Be6 18. Ne2 g5 19. Nc1 Qe7 20. Nd3 Nd7 21. Rab1 Reb8 22. Nd2 h5 23. Nc4 g4 24. h4 f3 25. Bf1 Bxc4 26. Qxc4 Nf8 27. Ne1 Bf6 28. Nc2 Ne6 29. Ne3 Nd4 30. Rxd4 exd4 31. Nf5 Qf8 32. Qe6 Bg7 33. Bc4 Kh7 34. Qxf7 Qxf7 35. Bxf7 d3 36. Bxh5 Rd8 37. Bxg4 Rd4 38. Nxd4 1-0

[Event "Titled Tuesday intern op1 7th June"]
[Site "Chess.com INT"]
[Date "2016.06.07"]
[Round "2"]
[White "Chigaev, Maksim"]
[Black "Kireev, Aleksei"]
[Result "1-0"]
[WhiteElo "2542"]
[BlackElo "2351"]
[PlyCount "79"]
[EventDate "2016.06.07"]
[EventType "swiss (blitz)"]
[EventRounds "9"]
[EventCountry "USA"]
[SourceTitle "EXT 2021"]
[Source "ChessBase"]
[SourceDate "2020.10.23"]
[SourceVersion "1"]
[SourceVersionDate "2020.10.23"]
[SourceQuality "1"]

1. e4 d6 2. d4 g6 3. Nc3 c6 4. h3 e5 5. g4 Bh6 6. Bxh6 Nxh6 7. Qd2 Ng8 8. 0-0-0 Qe7 9. f4 Nd7 10. Nf3 Ngf6 11. f5 h5 12. g5 Nh7 13. f6 Qd8 14. dxe5 dxe5 15. Nxe5 Qc7 16. Nc4 0-0 17. h4 Ne5 18. Qd6 Qxd6 19. Rxd6 Nxc4 20. Bxc4 Re8 21. a4 a5 22. Rhd1 Bg4 23. R1d4 Nf8 24. b3 Re5 25. Rd8 Re8 26. Rxa8 Rxa8 27. e5 Re8 28. Ne4 Rxe5 29. Nd6 Be6 30. Nxb7 Bxc4 31. Rxc4 Ne6 32. Rxc6 Nd4 33. Rc8+ Kh7 34. Rc7 Kg8 35. Nd6 Re1+ 36. Kb2 Nf5 37. Nxf7 Nxh4 38. Nh6+ Kh8 39. Rc8+ Kh7 40. f7 1-0

[Event "Titled Tuesday intern op1 7th June"]
[Site "Chess.com INT"]
[Date "2016.06.07"]
[Round "9"]
[White "Ermolaev, Evgeny"]
[Black "Kireev, Aleksei"]
[Result "0-1"]
[WhiteElo "2299"]
[BlackElo "2351"]
[PlyCount "118"]
[EventDate "2016.06.07"]
[EventType "swiss (blitz)"]
[EventRounds "9"]
[EventCountry "USA"]
[SourceTitle "EXT 2021"]
[Source "ChessBase"]
[SourceDate "2020.10.23"]
[SourceVersion "1"]
[SourceVersionDate "2020.10.23"]
[SourceQuality "1"]

1. e4 d6 2. d4 g6 3. Nc3 c6 4. Be3 e5 5. dxe5 dxe5 6. Qxd8+ Kxd8 7. Bc4 f6 8. 0-0-0+ Nd7 9. f3 Bh6 10. Bxh6 Nxh6 11. h4 Ke7 12. h5 b5 13. Bb3 a5 14. hxg6 hxg6 15. a3 Nc5 16. Ba2 b4 17. Nb1 Rb8 18. Ne2 Ba6 19. Ng3 Nf7 20. Nd2 Nd6 21. Nb3 Nxb3+ 22. Bxb3 Bb5 23. a4 Ba6 24. Kd2 Nb7 25. Ke3 Nc5 26. Ne2 Bxe2 27. Kxe2 f5 28. exf5 gxf5 29. Ke3 f4+ 30. Ke2 Rbf8 31. Kf2 Rd8 32. Rxd8 Rxh1 33. Ra8 Nxb3 34. cxb3 Rb1 35. Rxa5 Rxb2+ 36. Kg1 Kd6 37. Ra8 Rxb3 38. a5 Ra3 39. a6 Kc7 40. a7 c5 41. Kh2 Kb7 42. Re8 Kxa7 43. Rxe5 Kb6 44. g4 fxg3+ 45. Kxg3 Ra8 46. f4 b3 47. Re1 c4 48. f5 Kc5 49. f6 Rf8 50. Rf1 b2 51. Kg4 c3 52. Kg5 c2 53. Rf5+ Kc6 54. Kg6 b1Q 55. Kg7 c1Q 56. Kxf8 Qxf5 57. f7 Qcc5+ 58. Kg8 Qg6+ 59. Kh8 Qf8# 0-1

[Event "Titled Tuesday intern op1 7th June"]
[Site "Chess.com INT"]
[Date "2016.06.07"]
[Round "7"]
[White "Kireev, Aleksei"]
[Black "Acor, Corey B"]
[Result "0-1"]
[WhiteElo "2351"]
[BlackElo "2304"]
[PlyCount "84"]
[EventDate "2016.06.07"]
[EventType "swiss (blitz)"]
[EventRounds "9"]
[EventCountry "USA"]
[SourceTitle "EXT 2021"]
[Source "ChessBase"]
[SourceDate "2020.10.23"]
[SourceVersion "1"]
[SourceVersionDate "2020.10.23"]
[SourceQuality "1"]

1. d4 Nf6 2. Bg5 Ne4 3. Bh4 d5 4. e3 c5 5. f3 Nf6 6. c3 e6 7. Nd2 Nc6 8. f4 cxd4 9. exd4 Bd6 10. Nh3 b6 11. Bd3 0-0 12. 0-0 Bb7 13. Nf3 h6 14. Ne5 Be7 15. Qe2 Ne4 16. Bxe7 Nxe7 17. Nf2 f6 18. Nf3 f5 19. Ne5 Nc6 20. Qh5 Nxe5 21. fxe5 Qd7 22. g4 Kh7 23. Bxe4 fxe4 24. Nh3 Ba6 25. Rf4 Be2 26. Re1 Bf3 27. Rxf8 Rxf8 28. Qh4 Kg8 29. g5 h5 30. Rf1 Qf7 31. Qg3 Qf5 32. Re1 e3 33. Rxe3 Qb1+ 34. Re1 Qxb2 35. Rf1 Qxc3 36. Rf2 Qxd4 37. g6 Rf5 38. a4 h4 39. Qg5 Rxg5+ 40. Nxg5 Qg4+ 41. Kf1 Qxg5 42. Rxf3 Qxg6 0-1

[Event "Stare Mesto op"]
[Site "Stare Mesto"]
[Date "2013.08.16"]
[Round "9"]
[White "Kanovsky, David"]
[Black "Kireev, Aleksei"]
[Result "1/2-1/2"]
[WhiteElo "2391"]
[BlackElo "2337"]
[PlyCount "42"]
[EventDate "2013.08.09"]
[EventType "swiss"]
[EventRounds "10"]
[EventCountry "CZE"]
[SourceTitle "CBM 155 Extra"]
[Source "ChessBase"]
[SourceDate "2013.08.26"]
[SourceVersion "1"]
[SourceVersionDate "2013.08.26"]
[SourceQuality "1"]

1. e4 d6 2. d4 g6 3. f4 c6 4. c4 Bg7 5. Nc3 Qb6 6. Be3 e5 7. Na4 Qa5+ 8. Bd2 Qd8 9. d5 c5 10. Bd3 Qe7 11. Nf3 Nd7 12. 0-0 exf4 13. Bxf4 Ne5 14. Nxe5 Bxe5 15. Bxe5 Qxe5 16. Qf3 f6 17. Nc3 Bd7 18. Kh1 Kf7 19. a4 a5 20. Ra3 b6 21. Rb3 Qf5 1/2-1/2

[Event "Stare Mesto op"]
[Site "Stare Mesto"]
[Date "2013.08.11"]
[Round "4"]
[White "Kireev, Aleksei"]
[Black "Pribyl, Radek"]
[Result "1-0"]
[WhiteElo "2337"]
[BlackElo "1958"]
[PlyCount "59"]
[EventDate "2013.08.09"]
[EventType "swiss"]
[EventRounds "10"]
[EventCountry "CZE"]
[SourceTitle "CBM 155 Extra"]
[Source "ChessBase"]
[SourceDate "2013.08.26"]
[SourceVersion "1"]
[SourceVersionDate "2013.08.26"]
[SourceQuality "1"]

1. d4 d5 2. Bg5 h6 3. Bh4 Nf6 4. e3 e6 5. Nd2 Nbd7 6. f4 Be7 7. Bd3 c5 8. c3 b6 9. Ngf3 Bb7 10. 0-0 0-0 11. Ne5 Ne4 12. Bxe7 Qxe7 13. Rf3 Ndf6 14. g4 Nxd2 15. Qxd2 Ne4 16. Qg2 a5 17. Rh3 c4 18. Bxe4 dxe4 19. g5 hxg5 20. fxg5 g6 21. Rf1 Kg7 22. Rf6 Qe8 23. Qf2 Bd5 24. Qh4 Rh8 25. Qxh8+ Qxh8 26. Rxf7+ Kg8 27. Rxh8+ Kxh8 28. Nxg6+ Kg8 29. Rc7 b5 30. h4 1-0